| 000 | 00415nam a2200169Ia 4500 | ||
|---|---|---|---|
| 008 | 221030s9999 xx 000 0 und d | ||
| 020 | _a8187210095 | ||
| 041 | _aEnglish | ||
| 082 |
_a105.23 _bJai |
||
| 100 | _aM. K. Jain | ||
| 245 | 0 |
_aOrganic Chemistry _cby M. K. Jain, S. C. Sharma |
|
| 260 |
_bS. L. Nagin _aNew Delhi _c2000 |
||
| 300 | _a1000 | ||
| 650 | _aChemistry | ||
| 700 | _aS. C. Sharma | ||
| 942 | _cBK | ||
| 999 |
_c1255 _d1255 |
||